[Event "45th Olympiad 2024"]
[Site "Budapest HUN"]
[Date "2024.09.16"]
[Round "6.60"]
[Board "3"]
[White "Anas Khwaira"]
[Black "Nascimento Admilton de Ceita dos Santos"]
[Result "1-0"]
[WhiteElo "1994"]
[BlackElo "1908"]
[PlyCount "75"]
[EventDate "2024.09.11"]
[WhiteTeam "Jordan"]
[BlackTeam "Sao Tome and Principe"]
[WhiteTeamCountry "JOR"]
[BlackTeamCountry "SAO"]

1. d4 {Bareev,Evgeny} d6 2. c4 g6 3. Nc3 Bg7 4. e4 Nf6 5. h3 O-O 6. Bg5 c6 7. Bd3 e5 ({RR} 7... Qb6 8. Na4 Qa5+ 9. Bd2 Qc7 10. Nf3 e5 11. dxe5 ({RR} 11. d5 b5) 11... dxe5 12. O-O Rd8 13. Qc2 b6 ({RR} 13... c5) 14. b4 Nbd7 15. Rfd1 Bb7 ({RR} 15... Nf8) 16. c5 b5 17. Nb2 Nf8 18. Bc3 Nh5 19. Bf1 Ne6 20. Rxd8+ Rxd8 21. Nd3 Nd4 ({RR} 21... f6) 22. Bxd4 {1-0 Bareev,E (2660)-Kozul,Z (2595) Interzonal-16 1993 (2)}) 8. d5 Qc7 ({RR} 8... Qa5 9. Nge2 Na6 10. a3 Nc5 11. Bc2 Ncxe4 12. b4 Nxc3 13. Nxc3 Qc7 14. O-O Re8 15. Re1 Bd7 16. Qd2 c5 17. Bd3 Re7 18. Re2 Rae8 19. Rae1 cxb4 20. axb4 b6 21. c5 bxc5 22. bxc5 Qxc5 23. Bxf6 {1-0 Schmitz,B (1387)-Hafner,H (1155) 32nd Schlosspark Open 2023 (4.84)}) 9. Nge2 h6 $146 ({RR} 9... Ne8 10. Qb3 {½-½ Hahmann,M (1800)-Jungbluth,U (1835) Rheinland op 2003 (7)}) ({RR} 9... a5 10. g4 Nbd7 11. Ng3 Nc5 12. Bc2 h6 13. Be3 Bd7 14. Qd2 Kh7 15. g5 hxg5 16. h4 gxh4 17. Rxh4+ Kg8 18. f3 Ne8 19. O-O-O Rd8 20. Rg1 Bc8 21. Nf5 gxf5 22. Qh2 f6 23. Rh8+ Kf7 24. Qh5+ {1-0 Tupy,M (2219)-Gregor,J (2205) CZE-chTJ 9900 1999}) ({RR} 9... Nbd7 10. O-O Nc5 11. Bc2 a5 12. a3 h6 13. Be3 Ne8 14. b4 Nd7 15. c5 dxc5 16. bxc5 Nef6 17. d6 Qd8 18. Rb1 Nh5 19. Na4 Rb8 20. Qd2 Kh7 21. Nb6 Nf4 22. Bxf4 exf4 23. Nxd7 Bxd7 24. Qxf4 {1-0 Avdeeva,V (2134)-Platonova,L (1982) RUS-ch (Women) 1st League 57th 2007 (8)}) 10. Be3 Na6 11. Qd2 Kh7 12. Rd1 Qe7 13. f3 Ne8 14. g4 Qf6 15. Ng1 Qh4+ 16. Bf2 Qe7 17. Nge2 Kg8 18. Ng3 Nf6 19. h4 Ne8 20. a3 Nc5 21. Bc2 Qf6 22. Ke2 Qe7 23. Be3 Kh7 24. b4 Na6 25. Kf2 Nac7 26. dxc6 bxc6 27. c5 Ne6 28. cxd6 Qd7 29. Nf5 gxf5 30. exf5 Nd4 31. Bxd4 f6 32. Be3 Ba6 33. g5 Bc4 34. g6+ Kg8 35. Bxh6 Qxd6 36. Qxd6 Nxd6 37. Bxg7 Nxf5 38. Bxf5 1-0

[Event "45th Olympiad 2024"]
[Site "Budapest HUN"]
[Date "2024.09.16"]
[Round "6.60"]
[Board "4"]
[White "Lima, Osvaldo Dos Santos"]
[Black "Rakan Dasa"]
[Result "1/2-1/2"]
[WhiteElo "1903"]
[BlackElo "1975"]
[PlyCount "106"]
[EventDate "2024.09.11"]
[WhiteTeam "Sao Tome and Principe"]
[BlackTeam "Jordan"]
[WhiteTeamCountry "SAO"]
[BlackTeamCountry "JOR"]

1. c4 e6 2. Nc3 d5 3. cxd5 exd5 4. d4 c5 5. Nf3 Nc6 6. e3 Nf6 7. g3 Bg4 8. Bg2 cxd4 9. exd4 Be7 10. O-O O-O 11. h3 ({RR} 11. Re1 Re8 12. h3 Bf5 13. Bg5 Ne4 14. Bxe7 Rxe7 15. Nh4 Nxc3 16. bxc3 Be6 17. f4 Qd7 18. g4 f6 19. Qd3 Rae8 20. Re3 Bf7 21. Rae1 Rxe3 22. Rxe3 Rxe3 23. Qxe3 Be6 24. Nf5 Bxf5 25. gxf5 Kf8 {0-1 Cramling Bellon,A (2094)-Lacasa Diaz,J (2341) Titled Tue 19th Dec Early 2023 (5)}) 11... Bh5 $146 ({RR} 11... Be6 12. Ng5 Qb6 13. Nxe6 fxe6 14. Ne2 Ne4 15. Bxe4 dxe4 16. Qc2 Nxd4 17. Qxe4 Bc5 18. Nxd4 Bxd4 19. Be3 Bxe3 20. Qxe3 Qxb2 21. Qxe6+ Rf7 22. Rab1 Qf6 23. Qxf6 gxf6 24. Rfe1 b6 25. Re4 Rd8 26. Rbe1 {0-1 Correa,J (1883)-Zhukova,N (2328) Titled Tuesday intern op 7th July blitz 2020 (3)}) 12. g4 Bg6 13. a3 Rc8 14. Ne5 Bd6 15. Nxg6 hxg6 16. Be3 Re8 17. Qd3 Bb8 18. b4 Qc7 19. Rfc1 Rcd8 20. Kf1 Qh2 21. f3 Rxe3 22. Qxe3 Bf4 23. Qd3 Bxc1 24. Rxc1 Re8 25. Kf2 Qf4 26. Rd1 Ne4+ 27. Nxe4 Rxe4 28. Qd2 Qf6 29. g5 Qxd4+ 30. Qxd4 Rxd4 31. Rxd4 Nxd4 32. f4 Nc2 33. Bxd5 b6 34. Be4 Nxa3 35. Bd3 Kf8 36. Ke3 Ke7 37. b5 Ke6 38. Kd4 Kd6 39. h4 Ke6 40. Ke4 f5+ 41. gxf6 Kxf6 42. Kd4 Ke6 43. Kc3 Nxb5+ 44. Bxb5 Kf5 45. Bd3+ Kxf4 46. Bxg6 Kg4 47. h5 Kf4 48. Kb4 Ke5 49. Kb5 Kf6 50. Ka6 Kg5 51. Be8 Kg4 52. Bg6 Kg5 53. Kb5 Kh6 1/2-1/2

[Event "45th Olympiad 2024"]
[Site "Budapest HUN"]
[Date "2024.09.16"]
[Round "6.61"]
[Board "1"]
[White "Thomas, Saah"]
[Black "Al-Ali, Hussein Ali Hussein"]
[Result "0-1"]
[WhiteElo "1939"]
[BlackElo "2122"]
[PlyCount "96"]
[EventDate "2024.09.11"]
[WhiteTeam "Liberia"]
[BlackTeam "Iraq"]
[WhiteTeamCountry "LBR"]
[BlackTeamCountry "IRQ"]

1. e4 e6 2. d4 d5 3. e5 c5 4. c3 Nc6 5. f4 Bd7 6. Nf3 Nh6 7. Bd3 Rc8 8. a3 cxd4 9. cxd4 Qb6 10. Bc2 Nf5 $146 ({RR} 10... Nxd4 11. Nxd4 Bc5 12. Ne2 Ng4 13. Ba4 Bf2+ 14. Kf1 Bg3 15. Nd4 Qa6+ 16. Ne2 Bxa4 17. b3 Qb6 {0-1 Schiewer,R-Andre,G JBL NO 9596 Germany 1995 (2)}) 11. Bxf5 exf5 12. O-O h6 13. Nc3 Be6 14. Qd3 Be7 15. Be3 Qa6 16. Qd2 Na5 17. Qf2 O-O 18. Nd2 f6 19. Rfd1 b6 20. Rac1 Rfd8 21. g4 fxe5 22. gxf5 exd4 23. fxe6 dxe3 24. Qg2 exd2 25. Rxd2 Nb3 26. Qg6 Bc5+ 27. Kg2 Nxd2 28. Qf7+ Kh8 29. e7 Qd3 30. exd8=Q+ Rxd8 31. Qh5 d4 32. Ne2 Qe4+ 33. Kh3 Qf3+ 34. Ng3 Qxh5+ 35. Nxh5 d3 36. b4 Nb3 37. Rd1 Be7 38. f5 d2 39. Nf4 Kg8 40. Ng6 Bf6 41. Kg4 Rc8 42. Kf3 Kf7 43. h4 Rc4 44. Ke2 Rc1 45. h5 Bg5 46. Ne5+ Kf6 47. Nd3 Nd4+ 48. Kf2 Rxd1 0-1

[Event "45th Olympiad 2024"]
[Site "Budapest HUN"]
[Date "2024.09.16"]
[Round "6.61"]
[Board "2"]
[White "Zozek Salah Mohammed"]
[Black "David Leroy Debblay"]
[Result "1-0"]
[WhiteElo "2180"]
[BlackElo "1904"]
[PlyCount "85"]
[EventDate "2024.09.11"]
[WhiteTeam "Iraq"]
[BlackTeam "Liberia"]
[WhiteTeamCountry "IRQ"]
[BlackTeamCountry "LBR"]

1. d4 d5 2. Nf3 Nf6 3. g3 c6 4. Bg2 g6 5. O-O Bg7 6. c4 O-O 7. cxd5 cxd5 8. Ne5 Nc6 9. Nxc6 bxc6 10. Nc3 Re8 11. Bf4 Nh5 ({RR} 11... Ba6 12. Re1 Nd7 13. e4 e6 14. e5 c5 15. Rc1 cxd4 16. Qxd4 Qb6 17. Qxb6 axb6 18. Bf1 Bxf1 19. Kxf1 Nc5 20. Red1 Red8 21. b4 Na4 22. Nb5 Nb2 23. Rd2 Nc4 24. Rdc2 h6 25. h4 Ra4 26. Nd4 {0-1 Marcziter,D (2212)-Charvi A (1944) Titled Tue 27th Aug Early 2024 (3)}) 12. Be3 e5 13. Rc1 exd4 $146 ({RR} 13... Bd7 14. dxe5 Bxe5 15. Bd4 Qf6 16. Bxe5 Qxe5 17. e4 d4 18. Na4 Rad8 19. Nc5 Be6 20. f4 Qb8 21. Qd2 Qb6 22. f5 Bxa2 23. b4 d3 24. Qxa2 Qxb4 25. fxg6 hxg6 26. Qxf7+ Kh8 27. Nxd3 Qd4+ 28. Nf2 {1-0 Shirov,A (2735)-Lara Granero,B (2048) Villarrobledo op 22nd rapid 2007 (1)}) 14. Bxd4 Bxd4 15. Qxd4 Qb6 16. Qd2 Ba6 17. Rfd1 Rad8 18. e3 Qa5 19. b3 Nf6 20. Ne4 Qxd2 21. Nxf6+ Kh8 22. Rxd2 Re6 23. Ne4 Bc8 24. Nc5 Red6 25. Rd4 f5 26. Bf1 Kg7 27. Ba6 Kf6 28. Nb7 c5 29. Rxc5 Bxb7 30. Bxb7 Ke5 31. f4+ Ke6 32. a4 h6 33. b4 g5 34. b5 gxf4 35. exf4 h5 36. a5 h4 37. Rcxd5 Rxd5 38. Rxd5 Rg8 39. Rd3 Rg7 40. a6 hxg3 41. hxg3 Rc7 42. b6 axb6 43. a7 1-0

[Event "45th Olympiad 2024"]
[Site "Budapest HUN"]
[Date "2024.09.16"]
[Round "6.61"]
[Board "3"]
[White "Obediah Saah"]
[Black "Salih, Akar Ali Salih"]
[Result "1/2-1/2"]
[WhiteElo "1976"]
[BlackElo "2174"]
[PlyCount "140"]
[EventDate "2024.09.11"]
[WhiteTeam "Liberia"]
[BlackTeam "Iraq"]
[WhiteTeamCountry "LBR"]
[BlackTeamCountry "IRQ"]

1. d4 g6 2. Nf3 Bg7 3. Bf4 Nf6 4. e3 d6 5. h3 O-O 6. Be2 b6 7. Nbd2 Bb7 8. c3 Nbd7 9. O-O Re8 10. Qc2 e5 11. dxe5 dxe5 12. Bh2 Qe7 13. Rfd1 ({RR} 13. e4 Nc5 14. Rfe1 Nfxe4 15. Nxe4 Bxe4 16. Bd3 Bxd3 17. Qd2 e4 18. b4 Ne6 19. Nd4 Nxd4 20. cxd4 Bxd4 21. Rad1 Rad8 22. Qc1 Qxb4 23. Bxc7 Rc8 24. Rxd3 exd3 25. Rxe8+ Rxe8 26. Bf4 Re1+ 27. Qxe1 Qxe1+ {0-1 Lakshmi Priya Batta (1420)-Zaksaite,S (2212) Swiss Queens Wed #7 2024 (10.44)}) 13... a6 14. Nc4 Ne4 15. a4 Nd6 $146 ({RR} 15... Rad8 16. b4 h6 17. Nfd2 f5 18. Nxe4 Bxe4 19. Qb3 Kh7 20. Rd2 b5 21. axb5 axb5 22. Na5 Nc5 23. Qd1 Qg5 24. Bf1 Na4 25. Rc1 Nb2 26. Rxd8 Nxd1 27. Rxe8 Bxg2 28. h4 Qxh4 29. Bxg2 Qxf2+ 30. Kh1 {0-1 Chmiel,M (2208)-Klekowski,M (2471) Krakow op 2017 (3)}) ({RR} 15... Rad8 16. b4 Ng5 17. Nxg5 Qxg5 18. Bf1 Qe7 19. Rd2 f6 20. Rad1 Nf8 21. Rxd8 Rxd8 22. Rxd8 Qxd8 23. Qd2 Qxd2 24. Nxd2 Kf7 25. f4 Nd7 26. fxe5 Nxe5 27. Nc4 Ke6 28. Nxe5 fxe5 29. Bc4+ Kd6 30. Kf2 {0-1 Vovk,O (2315)-Ivic,V (2581) Titled Tuesday intern op 10th Nov blitz 2020 (5)}) 16. Qb3 Nc5 17. Qa2 Nxc4 18. Qxc4 Rad8 19. Bg3 Ne4 20. Bh2 h6 21. Qb3 Nd6 22. Ne1 Qe6 23. Qxe6 Rxe6 24. Nc2 Re7 25. Rd2 Red7 26. Rad1 Bc6 27. b3 a5 28. f3 f5 29. Kf1 Kf7 30. Bg1 Ke7 31. Bf2 Bf6 32. Be1 g5 33. Kg1 h5 34. c4 Nb7 35. Rxd7+ Rxd7 36. Rxd7+ Kxd7 37. Na3 Nc5 38. Bd1 Nd3 39. Bd2 Be7 40. Nb5 Bxb5 41. axb5 Bb4 42. Bxb4 Nxb4 43. f4 g4 44. Kh2 exf4 45. exf4 Ke6 46. Kg3 Nd3 47. Bc2 h4+ 48. Kxh4 Nxf4 49. Kg5 Ke5 50. hxg4 fxg4 51. g3 Ng2 52. Bd1 Ne3 53. Bxg4 Nxc4 54. bxc4 a4 55. Bd1 a3 56. Bb3 Kd4 57. Ba2 Kc3 58. c5 bxc5 59. Kf5 Kb2 60. Bc4 Kc3 61. Ba2 Kb2 62. Bd5 a2 63. Bxa2 Kxa2 64. g4 c4 65. g5 c3 66. g6 c2 67. g7 c1=Q 68. g8=Q+ Ka3 69. Qd5 Kb4 70. Ke6 Qc5 1/2-1/2

[Event "45th Olympiad 2024"]
[Site "Budapest HUN"]
[Date "2024.09.16"]
[Round "6.61"]
[Board "4"]
[White "Alothman, Ali Layth Ahmed"]
[Black "Arnold Smith"]
[Result "1-0"]
[WhiteElo "2161"]
[BlackElo "1915"]
[PlyCount "73"]
[EventDate "2024.09.11"]
[WhiteTeam "Iraq"]
[BlackTeam "Liberia"]
[WhiteTeamCountry "IRQ"]
[BlackTeamCountry "LBR"]

1. Nf3 d5 2. g3 Nf6 3. Bg2 c5 4. O-O e6 5. c4 d4 6. e3 Nc6 7. exd4 cxd4 8. d3 Be7 9. Re1 O-O 10. Na3 Bb4 ({RR} 10... h6 11. Bf4 Bc5 12. Nc2 Nd7 13. a3 a5 14. b3 Re8 15. Bd2 e5 16. b4 Bd6 17. c5 Bf8 18. Rc1 axb4 19. axb4 Rb8 20. Na3 b5 21. Nxb5 Ba6 22. Nd6 Bxd6 23. cxd6 Nxb4 24. Qa4 Nxd3 25. Qxa6 {1-0 Ding Liren (2762)-Praggnanandhaa,R (2747) 12th Norway Armageddon 2024 (2.3)}) ({RR} 10... Nd7 11. Nc2 e5 12. b4 f6 13. b5 Ncb8 14. a4 a5 15. Nd2 Nc5 16. Ne4 Nbd7 17. Ba3 Rb8 18. Bxc5 Nxc5 19. Nxc5 Bxc5 20. Bd5+ Kh8 21. Qh5 g6 22. Qh6 Bd6 23. h4 Qe7 24. Nxd4 Bc5 25. Nf3 {1-0 Stribuk,A (2431)-Kurmangaliyeva,L (2220) Abu Dhabi Masters Online 2024 (11)}) 11. Re2 $146 ({RR} 11. Bd2 Bxd2 12. Qxd2 a5 13. Nb5 Re8 14. Qf4 Nh5 15. Qg5 Qxg5 16. Nxg5 Rd8 17. a3 Nf6 18. Nf3 Kf8 19. Ne5 Nxe5 20. Rxe5 Nd7 21. Ree1 Nc5 22. Rad1 Bd7 23. Re5 Bxb5 24. Rxc5 Ba4 25. Rd2 b6 {½-½ Povshednyi,I (2140)-Roubalik,J (2366) Lisbon Portugal rapid op 2022 (2)}) 11... Re8 12. Nc2 Bf8 13. Bf4 h6 14. Ne5 Bd7 15. b4 g5 16. b5 gxf4 17. bxc6 bxc6 18. Nxd4 fxg3 19. hxg3 Rc8 20. Ndxc6 Qc7 21. Rb1 Bd6 22. Rb7 Qxb7 23. Ne7+ Bxe7 24. Bxb7 Rc7 25. Bf3 Bf8 26. Qd2 Bg7 27. Qf4 Rec8 28. d4 Be8 29. Kg2 Nd7 30. Ng4 Kh7 31. Be4+ f5 32. Bxf5+ exf5 33. Rxe8 Rxe8 34. Qxc7 fxg4 35. Qxd7 Re2 36. c5 Rd2 37. c6 1-0

[Event "45th Olympiad 2024"]
[Site "Budapest HUN"]
[Date "2024.09.16"]
[Round "6.62"]
[Board "1"]
[White "Christie, Joshua"]
[Black "Giasi, Viresh"]
[Result "1-0"]
[WhiteElo "2271"]
[BlackElo "1998"]
[PlyCount "73"]
[EventDate "2024.09.11"]
[WhiteTeam "Jamaica"]
[BlackTeam "Suriname"]
[WhiteTeamCountry "JAM"]
[BlackTeamCountry "SUR"]

1. d4 Nf6 2. c4 g6 3. g3 Bg7 4. Bg2 d6 5. Nc3 O-O 6. Nf3 Nbd7 7. O-O e5 8. b3 c6 9. Ba3 exd4 10. Nxd4 Nc5 ({RR} 10... Qa5 11. Qc1 Ng4 12. e3 Qh5 13. h3 Ngf6 14. Bxd6 Re8 15. g4 Qa5 16. Rd1 Ne5 17. b4 Qa6 18. c5 Nc4 19. Bf1 b5 20. cxb6 axb6 21. Nxc6 Be6 22. b5 Qb7 23. Ne7+ Rxe7 24. Bg2 Nxd6 25. Bxb7 {½-½ Qu,H (1746)-Yu,Z (1393) ch-CHN Personal GpB m 2023 (2.29)}) 11. Qd2 Ne8 $146 ({RR} 11... Re8 12. Rad1 Qb6 13. Nxc6 bxc6 14. Qxd6 Nfd7 15. Bxc6 Re6 16. Nd5 Rxd6 17. Nxb6 Rxc6 18. Nxa8 Bf6 19. b4 Ne4 20. c5 Nc3 21. Rd2 Ne5 22. Bb2 Nc4 23. Bxc3 Nxd2 24. Bxd2 Bb7 25. Rc1 Bxa8 26. b5 {½-½ Kupreichik,V (2515)-Shulman,Y (2425) Minsk Boleslavsky Memorial 1994 (10)}) ({RR} 11... Re8 12. Rad1 Qa5 13. Bb2 Qb6 14. Qc2 a5 15. Ba3 Nfd7 16. e3 Ne5 17. h3 h5 18. f4 Ned7 19. Rfe1 Qc7 20. Kh2 Na6 21. Ndb5 cxb5 22. Nxb5 Qb6 23. Nxd6 Rd8 24. e4 Nb4 25. Qe2 Nc5 26. e5 {½-½ Martirosyan,H (2622)-Maghsoodloo,P (2676) PNWCC Bullet (1+1) op blitz 2020}) ({RR} 11... Re8 12. Rad1 Qb6 13. e3 a5 14. Nxc6 bxc6 15. Qxd6 Ncd7 16. Qxc6 Ra6 17. Qxb6 Rxb6 18. c5 Rbe6 19. Nb5 Bf8 20. Nc7 Nxc5 21. Nxe8 Rxe8 22. Bc6 Bd7 23. Bxc5 Bxc6 24. Bxf8 Kxf8 25. Rd6 Re6 26. Rxe6 {1-0 Lajthajm,B (2473)-Sorgic,D (2242) Novi Sad Vujovic Memorial 2014 (1)}) ({RR} 11... a5 12. Rad1 Qb6 13. h3 Re8 14. Qf4 Nfd7 15. Qd2 Ne5 16. Qc2 a4 17. Bb2 axb3 18. axb3 h5 19. e3 Ned7 20. Ra1 Rxa1 21. Bxa1 Bxd4 22. exd4 Nxb3 23. Bb2 Nxd4 24. Qb1 Ne2+ 25. Nxe2 Rxe2 26. Ba3 {0-1 Forcen Esteban,D (2530)-Ramiro Ovejero,J (2398) La Roda op 44th 2017 (9)}) 12. Rad1 Qe7 13. b4 Ne6 14. Nc2 Nd8 15. b5 Bxc3 16. Qxc3 cxb5 17. cxb5 Be6 18. Bb2 f6 19. Nb4 Rc8 20. Qd4 Rc5 21. a4 Bb3 22. Nd5 Qf7 23. Rd3 Ne6 24. Qb4 Bc4 25. Rd2 N6c7 26. Ne3 b6 27. Bd4 Be6 28. Bxc5 dxc5 29. Qe4 Ng7 30. Qb7 Nce8 31. Qxf7+ Kxf7 32. Bd5 Nc7 33. Bc4 Ke7 34. Rfd1 Bc8 35. Rd6 Nge8 36. Rd8 Bb7 37. R1d7# 1-0